History Quiz

Random History or Country Quiz
Score 0/25 Timer 04:00
7 Plays Today
% Correct
Kingdom of Spain
98.5%
Kingdom of France
98.4%
Kingdom of Portugal
97.6%
Kingdom of Ireland
97.1%
Russian Empire
96.5%
Kingdom of Sweden
95.1%
Kingdom of Denmark
92.6%
The United Netherlands
88%
Kingdom of Great Britain
86.7%
Switzerland
86.1%
Kingdom of Poland
84.2%
Andorra
81.9%
Kingdom of Sicily
80%
% Correct
Ottoman Empire
79.9%
Knights of Malta
71.8%
Kingdom of Prussia
67.8%
Kingdom of Hungary
67.5%
Holy Roman Empire
62.6%
Republic of Venice
60.4%
Kingdom of Naples
52.5%
San Marino
39.8%
Papal States
38.6%
Grand Duchy of Tuscany
36.1%
Republic of Genoa
34.8%
States of Savoy
27.6%
Remove Ads.
Support Sporcle.
Get the best of Sporcle when you Go Orange. This ad-free experience offers more features, more stats, and more fun while also helping to support Sporcle. Thank you for becoming a member.

You're not logged in!

Compare scores with friends on all Sporcle quizzes.
OR
Log In

Sporcle TV

Today on Sporcle TV


Watch our educational content, quiz creation guides, and fun videos on Sporcle TV.

Show Comments

Extras

Top Quizzes Today


Score Distribution

Paid Content

Your Account Isn't Verified!

In order to create a playlist on Sporcle, you need to verify the email address you used during registration. Go to your Sporcle Settings to finish the process.

Report this User

Report this user for behavior that violates our Community Guidelines.

Details: